| 000 | 00754nas a2200253 4500 | ||
|---|---|---|---|
| 001 | BR9600320 | ||
| 003 | BR-BrBNA | ||
| 005 | 20231205095654.0 | ||
| 007 | ta | ||
| 008 | 230509b bl.|||p| |||| 00| 00por d | ||
| 040 |
_aBR-BrBNA _bpor _cBiblioteca Nacional de Agricultura |
||
| 041 | _a(Pt) | ||
| 072 | _aL01; Q02 | ||
| 100 | 1 | _aPerobelli, Z.V. | |
| 100 | 1 | _aRestle, J. | |
| 100 | 1 | _aMuller, L. | |
| 245 | 1 | _aEstudo das carcacas de vacas de descarte das racas Charoles e Nelore | |
| 650 | _aVaca de Corte | ||
| 650 | _aCarcaca | ||
| 650 | _aResfriamento | ||
| 773 | 0 |
_tPesquisa Agropecuaria Brasileira (Brazil) _xISSN 0100-204X _g(Mar 1995), v. 30(3) p. 409-412 _wBR9600320 |
|
| 909 |
_a202311 _bLúcia _c55 _dLúcia Elande |
||
| 942 |
_2AGRIS _n0 _cANA |
||
| 999 |
_c152043 _d152043 |
||